书目信息 |
| 题名: |
硅酸盐工业热工过程及设备
|
|
| 作者: | 姜金宁 主编 | |
| 分册: | ||
| 出版信息: | 北京 冶金工业出版社 1994.6 |
|
| 页数: | 365页 | |
| 开本: | 26cm | |
| 丛书名: | ||
| 单 册: | ||
| 中图分类: | TQ170.1 | |
| 科图分类: | 81.503 | |
| 主题词: | 硅酸盐工业--热工学--高等学校--教材 , 硅酸盐工业 , 热工学 | |
| 电子资源: | ||
| ISBN: | 7-5024-1419-3 | |
| 000 | 00833nam0 2200289 450 | |
| 001 | 0400003297 | |
| 005 | 20171026092450.48 | |
| 010 | @a7-5024-1419-3@dCNY40.00 | |
| 100 | @a20171022e20161994em y0chiy0110 ea | |
| 101 | 0 | @achi |
| 102 | @aCN@b110000 | |
| 105 | @ay z 000yy | |
| 106 | @ar | |
| 200 | 1 | @a硅酸盐工业热工过程及设备@9gui suan yan gong ye re gong guo cheng ji she bei@f姜金宁主编 |
| 205 | @a修订本 | |
| 210 | @a北京@c冶金工业出版社@d1994.6@h2016.8 | |
| 215 | @a365页@d26cm | |
| 300 | @a高等学校教学用书 | |
| 314 | @a姜金宁,西安建筑科技大学任教 | |
| 606 | 0 | @a硅酸盐工业@x热工学@x高等学校@x教材 |
| 606 | 0 | @a硅酸盐工业 |
| 606 | 0 | @a热工学 |
| 690 | @aTQ170.1@v三版 | |
| 692 | @a81.503 | |
| 701 | 0 | @a姜金宁@9jiang jin ning@4主编 |
| 801 | 0 | @aCN@b91MARC@c20171022 |
| 905 | @b1033566-70@dTQ170.1@f5@e63=2 | |
| 硅酸盐工业热工过程及设备/姜金宁主编.-修订本.-北京:冶金工业出版社,1994.6(2016.8) |
| 365页;26cm |
| 高等学校教学用书 |
| ISBN 7-5024-1419-3:CNY40.00 |
| ● |
| 相关链接 |
|
|
|
|
正题名:硅酸盐工业热工过程及设备
索取号:TQ170.1/63=2
 
预约/预借
| 序号 | 登录号 | 条形码 | 馆藏地/架位号 | 状态 | 备注 |
| 1 | 1033566 | 210335662 | 第二样本阅览室/ [索取号:TQ170.1/63=2] | 在馆 | |
| 2 | 1033567 | 210335671 | 密集书库-化学系/ [索取号:TQ170.1/63=2] | 在馆 | |
| 3 | 1033568 | 210335680 | 第三借阅区/ [索取号:TQ170.1/63=2] | 在馆 | |
| 4 | 1033569 | 210335699 | 第三借阅区/ [索取号:TQ170.1/63=2] | 在馆 | |
| 5 | 1033570 | 210335706 | 第三借阅区/ [索取号:TQ170.1/63=2] | 在馆 |